Statistics for simple Fraction to Decimals (forward)

Click here to take the quiz!

General Stats

  • This quiz has been taken 5 times
  • The average score is 5 of 9

Answer Stats

decimalfraction% Correct
1/5.2
100%
1/10.1
67%
1/8.125
67%
1/4.25
67%
1/3.33
67%
1/2.5
67%
1/9.11
33%
1/7.14
33%
1/6.16
33%

Score Distribution

Percentile by Number Answered

Percent of People with Each Score

Your Score History

You have not taken this quiz